Estadísticas para Países con la Mayor Área en los Trópicos

Haz click aquí para intentar la prueba.

Estadísticas generales

  • Esta prueba ha sido intentada 796 veces
  • La puntuación promedio es 16 de 20

Estadísticas de respuestas

km2País% en los trópicos% Correcto
7.88 MBrasil92.5
97%
2.34 MR. D. Congo100
93%
1.90 MIndia60
89%
1.14 MColombia100
88%
1.91 MIndonesia100
88%
1.29 MPerú100
86%
2.89 MAustralia37.5
83%
1.25 MNíger99
82%
0.916 MVenezuela100
82%
1.28 MChad100
80%
1.89 MSudán100
80%
1.10 MBolivia100
79%
0.982 MMéxico50
78%
0.923 MNigeria100
77%
0.945 MTanzania100
76%
1.18 MMalí95
75%
1.07 MArabia Saudita50
72%
1.10 MEtiopía100
72%
1.25 MAngola100
71%
0.902 MMauritania87.5
69%

Distribución de puntuación

Porcentaje por número respondido

Porcentaje de gente con cada puntuación

Historial de tus puntuaciones

No has intentado esta prueba.